000 00448cam a2200181ua 4500
001 533
008 110407n ii |||gr||||Z||||||eng
040 _cMAIN
082 _a320.3
245 1 _aComparative government
_cby A.K. Thakuria
250 _a4th.
260 _aGuwahati:
_bNew book stall,970.
300 _a254p:
_c20cm.
653 _aPolitical science
653 _aComparative government
700 _aThakuria, A.K.,
_eAuthor.
942 _cBK
999 _c471
_d471